000 00553nam a2200193Ia 4500
008 101110s9999 xx 000 0 und d
041 _aENGLISH
082 _bSR24370
100 _aAjagaonkar Parag; Patkar Anjali and Mhaeshwari A.etc
245 _aBusiness system and society Paper-I (FYBCom)
365 _b100
520 _aCommerce
546 _aENGLISH
630 _aBusiness system and society Paper-I (FYBCom)
650 _aCommerce
655 _aCommerce
730 _aBusiness system and society Paper-I (FYBCom)
942 _cBOOK
999 _c817042
_d817039